000 00765nam a22002537a 4500
005 20170124105941.0
010 _aA-541980
020 _c00.00
035 _aA-541980
037 _bCen Lib/Ret
040 _aDPL
_bEN
082 _a230.22
_bDEB
100 _aDebroy, Dipavali
_976230
245 _aThe agni Purana /
_cby Dipavali Debroy [and] Bibek Debroy
260 _aNew Delhi
_bBooks For All
_c[n.d.]
270 _bNew Delhi
_e110052
_aC-2/9, 3rd floor, community centre ashok vihar phase-2
300 _a103p.
_c17cm(Hb)
490 _aGreat epics of India purana
_v8
500 _aIncludes glossary
650 _aHinduism
_976231
650 _aPuranas
_976232
700 _aDebroy, Bibek
_976233
942 _2ddc
_cEN
_h230.22
_mDEB
999 _c124610
_d124610